[Event "Greifswald Ryck op 24th"]
[Site "Greifswald"]
[Date "2023.07.20"]
[Round "3"]
[White "Weimann, Olaf"]
[Black "Belov, Artemii"]
[Result "1-0"]
[WhiteElo "1336"]
[BlackElo "1199"]
[PlyCount "91"]
[EventDate "2023.07.19"]
[EventType "swiss"]
[EventRounds "7"]
[EventCountry "GER"]
[SourceTitle "CBM 215 Extra"]
[Source "ChessBase"]
[SourceDate "2023.09.30"]
[SourceVersion "1"]
[SourceVersionDate "2023.09.30"]
[SourceQuality "1"]

1. e4 e5 2. Nf3 Nc6 3. Bc4 Bc5 4. c3 Nf6 5. d4 exd4 6. 0-0 Nxe4 7. Re1 d5 8. cxd4 Bb4 9. Nc3 0-0 10. Rxe4 dxe4 11. Nxe4 Bg4 12. Be3 Bxf3 13. Qxf3 Nxd4 14. Qg3 Nf5 15. Qf3 Nxe3 16. fxe3 c6 17. Rf1 Qe7 18. Qg4 Kh8 19. Kh1 Rae8 20. Ng5 f6 21. Nxh7 Qe4 22. Qxe4 Rxe4 23. Nxf8 Rxc4 24. Ng6+ Kh7 25. Nf4 Rc2 26. Nd3 Bd6 27. Rd1 Re2 28. g3 Rxe3 29. a3 Be5 30. Nxe5 Rxe5 31. Rd7 Rb5 32. b4 a6 33. Kg2 b6 34. Rd6 a5 35. bxa5 bxa5 36. Rxc6 Rb3 37. a4 Rb4 38. Rc5 Rxa4 39. Kf3 Ra2 40. h4 Ra3+ 41. Kg4 a4 42. Ra5 Ra1 43. Kf5 a3 44. Ke6 a2 45. Kf7 Rg1 46. Rh5# 1-0

[Event "Greifswald Ryck op 24th"]
[Site "Greifswald"]
[Date "2023.07.19"]
[Round "1"]
[White "Warnig, Marcel"]
[Black "Belov, Artemii"]
[Result "1-0"]
[WhiteElo "1527"]
[BlackElo "1199"]
[PlyCount "35"]
[EventDate "2023.07.19"]
[EventType "swiss"]
[EventRounds "7"]
[EventCountry "GER"]
[SourceTitle "CBM 215 Extra"]
[Source "ChessBase"]
[SourceDate "2023.09.30"]
[SourceVersion "1"]
[SourceVersionDate "2023.09.30"]
[SourceQuality "1"]

1. e4 e5 2. Nf3 Nc6 3. Bc4 Bc5 4. b4 Bxb4 5. c3 Bc5 6. d4 exd4 7. cxd4 Bb4+ 8. Nbd2 Nf6 9. Qb3 Nxe4 10. Bxf7+ Kf8 11. 0-0 Nxd2 12. Nxd2 Bxd2 13. Bxd2 Nxd4 14. Qc4 Ne6 15. Bh5 c6 16. f4 b5 17. Qb3 Nd4 18. Qf7# 1-0

[Event "GER-ch U08"]
[Site "Willingen"]
[Date "2023.06.01"]
[Round "4"]
[White "Merle, Atreyu Lukas"]
[Black "Belov, Artemii"]
[Result "1-0"]
[WhiteElo "1081"]
[BlackElo "1229"]
[PlyCount "117"]
[EventDate "2023.05.30"]
[EventType "swiss"]
[EventRounds "7"]
[EventCountry "GER"]
[SourceTitle "CBM 214 Extra"]
[Source "ChessBase"]
[SourceDate "2023.07.31"]
[SourceVersion "1"]
[SourceVersionDate "2023.07.31"]
[SourceQuality "1"]

1. e4 e5 2. Nf3 Nc6 3. Bc4 Bc5 4. c3 Qe7 5. d4 Bb6 6. d5 Nb8 7. b3 d6 8. Ba3 Bg4 9. Nbd2 Nf6 10. Be2 Nbd7 11. Qc2 h6 12. h3 Bxf3 13. Bxf3 a6 14. c4 Ba7 15. Be2 Bb6 16. f3 Nh7 17. Bd3 Qh4+ 18. Kd1 Qf2 19. g4 Be3 20. Rf1 Qg2 21. Re1 Bxd2 22. Qxd2 Qxf3+ 23. Kc2 Qxh3 24. Rh1 Qxg4 25. Rag1 Qf4 26. Qa5 b6 27. Qa4 Qf2+ 28. Kc1 Qe3+ 29. Kc2 Ke7 30. Rxg7 Ng5 31. Qc6 Rac8 32. Qb7 Qf2+ 33. Kb1 Qf6 34. Rh7 Rb8 35. Qxc7 Nxh7 36. Rf1 Qg6 37. Rf5 Rhf8 38. Rxe5+ Kf6 39. Qxd6+ Kg7 40. Qxd7 Qg1+ 41. Kc2 Qh2+ 42. Kb1 Qxe5 43. Bb2 Rbe8 44. Qf5 f6 45. Bxe5 Rxe5 46. Qg4+ Ng5 47. Qd7+ Rf7 48. Qc6 Nxe4 49. d6 Nc5 50. Bc2 Rb7 51. Qg2+ Rg5 52. Qc6 Re5 53. b4 Re1+ 54. Kb2 Na4+ 55. Bxa4 Rf7 56. d7 Re2+ 57. Kc1 Rf8 58. d8R Rxd8 59. Qc7+ 1-0

[Event "GER-ch U08"]
[Site "Willingen"]
[Date "2022.06.08"]
[Round "1"]
[White "Belov, Artemii"]
[Black "Lange, Fynn Jeremy"]
[Result "1-0"]
[WhiteElo "872"]
[BlackElo "1293"]
[PlyCount "151"]
[EventDate "2022.06.07"]
[EventType "swiss"]
[EventRounds "7"]
[EventCountry "GER"]
[SourceTitle "EXT 2023"]
[Source "ChessBase"]
[SourceDate "2022.10.05"]
[SourceVersion "1"]
[SourceVersionDate "2022.10.05"]
[SourceQuality "1"]

1. c4 e5 2. Nc3 Nf6 3. d3 Bc5 4. Nf3 d6 5. g3 Nc6 6. Bg2 Bd7 7. 0-0 0-0 8. a3 a6 9. b4 Ba7 10. Bb2 Qe7 11. e3 Rfd8 12. Qb3 Rab8 13. Rad1 Be6 14. Qc2 d5 15. cxd5 Nxd5 16. Nxd5 Bxd5 17. Rfe1 f6 18. Nd2 Bxg2 19. Kxg2 Qd7 20. Ne4 Qd5 21. Qc4 f5 22. Qxd5+ Rxd5 23. Nc3 Rdd8 24. Ne2 Rf8 25. f4 Bxe3 26. fxe5 Bg5 27. d4 Rbe8 28. Nf4 Nd8 29. d5 Nf7 30. e6 Nd6 31. Be5 Re7 32. Bxd6 cxd6 33. Rc1 h5 34. h4 Bxf4 35. gxf4 Rf6 36. Rc8+ Kh7 37. Rec1 Rg6+ 38. Kh3 Rg4 39. R1c7 Rxc7 40. Rxc7 Rg1 41. e7 Re1 42. Rxb7 Re4 43. Rd7 Re1 44. Rxd6 Rxe7 45. Rxa6 Rd7 46. d6 Kg6 47. Kg3 Kf7 48. Ra5 g6 49. Rd5 Ke6 50. Rd1 Kf6 51. a4 Ke6 52. b5 Rxd6 53. Rxd6+ Kxd6 54. Kf3 Kc5 55. Ke3 Kd5 56. b6 Kc6 57. Kd4 Kxb6 58. Ke5 Ka5 59. Kf6 Kxa4 60. Kxg6 Kb4 61. Kxf5 Kc4 62. Ke6 Kd4 63. f5 Ke4 64. f6 Kf4 65. f7 Kg4 66. f8Q Kxh4 67. Qf4+ Kh3 68. Kf5 h4 69. Qf1+ Kh2 70. Kg4 h3 71. Qxh3+ Kg1 72. Qg3+ Kf1 73. Qh2 Ke1 74. Kf3 Kd1 75. Ke3 Ke1 76. Qh1# 1-0